| 000 | 00526nam a2200193 a 4500 | ||
|---|---|---|---|
| 005 | 20240228063923.0 | ||
| 008 | 080421s2001 mx r 000 0 spa d | ||
| 020 | _a9685270309 | ||
| 035 | _aUPN01000155542 | ||
| 049 | _aI | ||
| 050 | 4 |
_aPZ71 _bP4.32 |
|
| 100 | 1 | _aPeradejordi, Julio | |
| 245 | 1 | 4 |
_aLas babuchas de Abu Kassim / _cJulio Peradejordi. |
| 260 |
_aMéxico : _bLectorum, _c2001. |
||
| 300 | _a58 p. | ||
| 650 | 4 |
_aCuentos infantiles _96744 |
|
| 650 | 4 |
_aLibros y lectura para niños _92290 |
|
| 905 | _aInfantil | ||
| 999 |
_c127657 _d127657 |
||